• 首页
  • 本馆介绍
  • 公告通知
  • 最新文献
  • 馆藏检索
  • 电子资源
  • 读者导购
  • 参考咨询
  • 我的图书馆
  • 登录
  • 详细信息显示
  • 放入我的书架
  • 预约/预借图书
  • 作者相关作品
  • 分类相关作品
  • 丛书相关作品
  • 出版社相关作品

书目信息

  • 表格格式
  • 工作单格式
  • 卡片格式
题名:
中国设计艺术史论
    
 
作者: 李立新 著
分册:  
出版信息: 天津   天津人民出版社  2004
页数: 244页
开本: 26cm
丛书名:
单 册:
中图分类: J509.2
科图分类:
主题词: 造型设计--工艺美术史--中国
电子资源:
ISBN: 7-201-04675-6
000 00823nam0 2200253 45
001 060000019175
005 20051010083704.89
010    @a7-201-04675-6@dCNY36.00
092    @aCN
100    @a20050122d2004 ekmy0chiy0120 ea
101 0  @achi
102    @aCN@b120000
105    @aa az 000yy
200 1  @a中国设计艺术史论@9zhong guo she ji yi shu shi lun@f李立新著@Fli li xin zhu
210    @a天津@c天津人民出版社@d2004
215    @a244页@c图@d26cm
320    @a有书目
330    @a本书立足于“设计艺术”这一学科命名,以展示考古史料的文图形式,将造物设计纵向演化与横向结构相结合,展现全景式、不断演化且整体统一的造物历史图景。
606 0  @a造型设计@x工艺美术史@y中国
690    @aJ509.2@v4
701  0 @a李立新@Ali li xin@4著
801  0 @aCN@bTSSF@c20051010
905    @a10447@dJ509.2@e125
999    @aHSJ@eDF
    
    中国设计艺术史论/李立新著.-天津:天津人民出版社,2004
    244页:图;26cm
    
    
    ISBN 7-201-04675-6:CNY36.00
    本书立足于“设计艺术”这一学科命名,以展示考古史料的文图形式,将造物设计纵向演化与横向结构相结合,展现全景式、不断演化且整体统一的造物历史图景。
●
相关链接 在E读中查询图书 在五车中查询图书 在当当中查询图书 在豆瓣中查询图书


正题名:中国设计艺术史论     索取号:J509.2/125         预约/预借

序号 登录号 条形码 馆藏地/架位号 状态 备注
1 0364469   3644694   第一样本阅览室/ [索取号:J509.2/125] 在馆    
2 0364470   3644701   第一借阅区/ [索取号:J509.2/125] 在馆    
3 0364471   3644710   第一借阅区/ [索取号:J509.2/125] 在馆    
4 0364472   3644729   第一借阅区/ [索取号:J509.2/125] 在馆    
5 0364473   3644738   第一借阅区/ [索取号:J509.2/125] 在馆    
唐山师范学院图书馆 欢迎您!
大连网信软件有限公司© 版权所有